La farsalia; tomo ii /

Guardado en:
Autor Principal: Lucano, Marco Anneo
Formato: Libro
Publicado: España : Hernando, 1888
Series:Bibl. Clásica
Materias:
Etiquetas: Agregar Etiqueta
Sin Etiquetas, Sea el primero en etiquetar este registro!
LEADER 00516nam a22001935a 4500
001 CEM.cems003937
005 19000101000000.0
008 130507s1888##################000#0#####d
003 CEMS
082 0 4 |a 873 
100 1 |a Lucano, Marco Anneo 
245 1 0 |a La farsalia; tomo ii / 
260 |a España :  |b Hernando,  |c 1888 
300 |a 400 p. 
490 0 |a Bibl. Clásica 
653 |a Literatura 
653 |a Literatura latina 
653 |a Poesia epica latina 
859 |a CEMS  |b BIB. CEMS - 11 de abril  |h 873  |i L962/II  |p 5655.76  |t Ej.1